| 000 | 00618nam a2200205Ia 4500 | ||
|---|---|---|---|
| 003 | OSt | ||
| 005 | 20240401092041.0 | ||
| 008 | 210210b2000 xxu||||| |||| 00| 0 eng d | ||
| 040 | _cAL | ||
| 041 | _aKannada | ||
| 082 | _aK894.1 VIRS | ||
| 100 |
_aVIRAPPA MOYILI (M). _dವೀರಪ್ಪ ಮೊಯಿಲಿ _9157402 |
||
| 245 |
_aShri Ramayana mahanveshane. _b ಶ್ರೀ ರಾಮಾಯಣ ಮಹಾನ್ವೇಷಣೆ |
||
| 260 |
_aBengaluru _bMaheshvari Prakashana _c2000 |
||
| 300 | _axxiv,513 | ||
| 650 |
_aRamayana _9157403 |
||
| 690 |
_aKannada Poetry _9157404 |
||
| 906 | _a056988 | ||
| 942 |
_2ddc _cBK |
||
| 999 |
_c104559 _d104559 |
||